| 000 | 01276nam a22003497a 4500 | ||
|---|---|---|---|
| 003 | CHAP | ||
| 005 | 20260223121543.0 | ||
| 008 | 971013s1977 r 00010 d | ||
| 010 | _a38652 | ||
| 011 | _a39624 | ||
| 035 | _a43745 | ||
| 040 | _cCHAP | ||
| 082 |
_a664.8 _bM6 |
||
| 100 | 1 | 0 |
_aMoctezuma López, Georgel _976402 |
| 245 | _aDiagramas de flujo de procesos agroindustriales | ||
| 260 |
_aChapingo, Méx. : _bPATEMA, _c(1977) |
||
| 300 | _a50 p | ||
| 590 |
_aBATCH-UPD _b10 _c20130110 _lUCH01 _h0930 |
||
| 590 |
_aBATCH-UPD _b10 _c20130410 _lUCH01 _h0550 |
||
| 590 |
_aBATCH-UPD _b10 _c20130914 _lUCH01 _h0134 |
||
| 590 |
_aCONVERSION _b10 _c20130109 _lUCH01 _h1321 |
||
| 650 | 1 | 4 |
_aAlimentos _xProcesado. _94267 |
| 650 | 1 | 4 |
_aDiagramas de flujo. _932400 |
| 901 | _aBK | ||
| 942 | _cLIBRO | ||
| 949 |
_a664.8 M6 _bBC _cLIBRO _d-100046 _eLIBRO _fc.4 _h44212 _i43745 _mD _si |
||
| 949 |
_a664.8 M6 _bBC _cLIBRO _d33724000100897 _eLIBRO _fc.2 _h44210 _i43745 _mD _si |
||
| 949 |
_a664.8 M6 _bBC _cLIBRO _d33724000100905 _eLIBRO _fc.3 _h44211 _i43745 _mD _si |
||
| 949 |
_a664.8 M6 _bBC _cLIBRO _d33724000100913 _eLIBRO _fc.6 _h44214 _i43745 _mD _si |
||
| 949 |
_a664.8 M6 _bBC _cLIBRO _d33724000628525 _eLIBRO _h42875 _i43745 _mD _si |
||
| 949 |
_a664.8 M6 _bBC _cUACH _d-100047 _eUACH _fc.5 _h44213 _i43745 _mD _si |
||
| 999 |
_c38652 _d38652 |
||